| 000 | 00429pab a2200157 454500 | ||
|---|---|---|---|
| 008 | 180718b1996 xxu||||| |||| 00| 0 eng d | ||
| 100 | _aSrinivasa Rao, K. | ||
| 245 |
_aPublic sector banks _ba SWOT analysis. |
||
| 260 | _c1996 | ||
| 300 | _ap.28-37,46 | ||
| 362 | _aJan-Mar | ||
| 650 | _aBanks and banking - India | ||
| 650 | _aFinancial institutions | ||
| 773 | _aJournal of the Indian Institute of Bankers | ||
| 909 | _a31523 | ||
| 999 |
_c31523 _d31523 |
||